00305nam a2200121Ia 4500003000400000008004100004082001600045100001700061245005800078260002300136300000800159650001600167OSt191201s2019 xx 000 0 und d a621.85bKRE aKRISHANAN,R. 0aElectric Motor Drives Modeling, Analysis, and Control aNew DelhibPearson a626 aB.Tech(ECE)